Statistiques concernant Deutéragonistes d'anime (deuxièmes personnages principaux)

Cliquez ici pour prendre le quiz!

Statistiques générales

  • Ce quiz a été pris 55 fois
  • Le résultat moyen est 17 sur 25

Statistiques - réponses

HintRéponse% Correct
SakuraNaruto
100%
SanjiOne Piece
100%
LeolioHunter X Hunter
96%
GojoJujutsu Kaisen
96%
BakugoMy hero academia
96%
InosukeDemon Slayer
94%
KrilinDragon Ball Z
94%
GenosOne Punch Man
94%
ArminL'Attaque des Titans
91%
GreyFairy Tail
87%
DrakenTokyo Revengers
85%
KenpachiBleach
83%
KarmaAssassination Classroom
79%
YamiBlack Clover
77%
OndinePokémon
77%
SpeedwagonJojo's Bizarre Adventure
68%
WinryFull Metal Alchemist
60%
IsabellaThe promised neverland
49%
HawkSeven Deadly Sins
36%
ZeusValkyrie Apocalypse
30%
BlackstarSoul Eater
28%
JoeyYu-Gi-Oh
26%
RyusuiDr Stone
23%
GrellBlack Butler
19%
LouisBeastars
11%

Distribution des résultats

Percentile par nombre de réponses

% des personnes avec chaque résultat

Votre développement - résultats

Vous n’avez pas pris ce quiz